[Event "Olympiad-35"]
[Site "Bled"]
[Date "2002.11.05"]
[Round "10.3"]
[White "Nyysti, Sampsa"]
[Black "Belotti, Bruno"]
[Result "1/2-1/2"]
[WhiteElo "2410"]
[BlackElo "2419"]
[PlyCount "87"]
[EventDate "2002.10.26"]
[EventType "team-swiss"]
[EventRounds "14"]
[EventCountry "SLO"]
[SourceTitle "EXT 2003"]
[Source "ChessBase"]
[SourceDate "2002.11.25"]
[SourceVersion "1"]
[SourceVersionDate "2002.11.25"]
[SourceQuality "1"]
[WhiteTeam "Finland"]
[BlackTeam "Italy"]
[WhiteTeamCountry "FIN"]
[BlackTeamCountry "ITA"]

1. e4 c5 2. Nf3 e6 3. d4 cxd4 4. Nxd4 Nc6 5. Nc3 d6 6. g4 h6 7. Be3 Nf6 8. h3 a6 9. Bg2 Bd7 10. Qe2 Qc7 11. 0-0-0 Ne5 12. Kb1 g5 13. f4 gxf4 14. Bxf4 Be7 15. Nf3 0-0-0 16. Rhf1 Be8 17. Nxe5 dxe5 18. Rxd8+ Bxd8 19. Be3 Ng8 20. Qf2 h5 21. g5 h4 22. Bf3 Ne7 23. Bg4 Kb8 24. Rd1 Ng6 25. Bc5 Be7 26. Ba7+ Ka8 27. Bb6 Qb8 28. Qe3 Bc6 29. Be2 Nf4 30. Bf1 Rc8 31. Qg1 Rg8 32. Qf2 Bd8 33. Bxd8 Rxd8 34. Rxd8 Qxd8 35. Qxh4 Bxe4 36. Qe1 Bf5 37. Qxe5 Qd2 38. a3 Qxc2+ 39. Ka2 Nd5 40. Qh8+ Ka7 41. Qd4+ b6 42. Be2 Nxc3+ 43. Qxc3 Qxe2 44. Qc7+ 1/2-1/2

[Event "Olympiad-35"]
[Site "Bled"]
[Date "2002.10.30"]
[Round "5.3"]
[White "Belotti, Bruno"]
[Black "Mahjoob, Morteza"]
[Result "1-0"]
[WhiteElo "2419"]
[BlackElo "2393"]
[PlyCount "81"]
[EventDate "2002.10.26"]
[EventType "team-swiss"]
[EventRounds "14"]
[EventCountry "SLO"]
[SourceTitle "EXT 2003"]
[Source "ChessBase"]
[SourceDate "2002.11.25"]
[SourceVersion "1"]
[SourceVersionDate "2002.11.25"]
[SourceQuality "1"]
[WhiteTeam "Italy"]
[BlackTeam "Iran"]
[WhiteTeamCountry "ITA"]
[BlackTeamCountry "IRI"]

1. e4 c5 2. Nf3 e6 3. d4 cxd4 4. Nxd4 a6 5. Nc3 b5 6. Bd3 Qb6 7. Nf3 Nc6 8. 0-0 Qb8 9. Bg5 Bd6 10. Bh4 Nf6 11. Bg3 Bxg3 12. hxg3 0-0 13. Re1 d6 14. Qd2 Rd8 15. Rad1 Bb7 16. Qf4 Qc7 17. g4 Nd7 18. g5 b4 19. Nb1 Nce5 20. Nxe5 dxe5 21. Qg3 Nf8 22. Nd2 Ng6 23. Nc4 Rd4 24. b3 Rad8 25. Rd2 Nf4 26. Kf1 Bc6 27. Qe3 Bb5 28. Red1 R8d7 29. g3 Ng6 30. Ke1 Ne7 31. Bf1 Nc6 32. Rxd4 Nxd4 33. Rd2 Qd8 34. Kd1 Bxc4 35. Bxc4 Qa5 36. Rd3 Qxa2 37. Qc1 g6 38. f4 Qa5 39. fxe5 Qxe5 40. Qf4 Qa5 41. Qd6 1-0

[Event "Arco op 24th"]
[Site "Arco"]
[Date "2002.10.24"]
[Round "7"]
[White "Okkes, Menno"]
[Black "Belotti, Bruno"]
[Result "0-1"]
[WhiteElo "2297"]
[BlackElo "2419"]
[PlyCount "48"]
[EventDate "2002.10.18"]
[EventType "swiss"]
[EventRounds "9"]
[EventCountry "ITA"]
[SourceTitle "EXT 2004"]
[Source "ChessBase"]
[SourceDate "2003.11.25"]
[SourceVersion "1"]
[SourceVersionDate "2003.11.25"]
[SourceQuality "1"]

1. e4 e6 2. d4 d5 3. Nc3 dxe4 4. Nxe4 Nd7 5. Bd3 Ngf6 6. Qe2 c5 7. Nxf6+ Nxf6 8. dxc5 Bxc5 9. Bg5 h6 10. Bd2 0-0 11. 0-0-0 Qb6 12. f4 Rd8 13. h3 Bd7 14. Kb1 Nd5 15. Ka1 Bd4 16. c3 Be3 17. Nf3 Bxd2 18. Qxd2 Qe3 19. Bb1 Qb6 20. b3 Be8 21. Qc2 g6 22. Ne5 Ne3 23. Qf2 Nxd1 24. Qh4 Qa5 0-1

[Event "Bratto op 22nd"]
[Site "Bratto"]
[Date "2002.08.27"]
[Round "8"]
[White "Guido, Flavio"]
[Black "Belotti, Bruno"]
[Result "0-1"]
[WhiteElo "2327"]
[BlackElo "2430"]
[PlyCount "126"]
[EventDate "2002.08.20"]
[EventType "swiss"]
[EventRounds "9"]
[EventCountry "ITA"]
[SourceTitle "EXT 2003"]
[Source "ChessBase"]
[SourceDate "2002.11.25"]
[SourceVersion "1"]
[SourceVersionDate "2002.11.25"]
[SourceQuality "1"]

1. e4 c5 2. c3 Nf6 3. e5 Nd5 4. d4 cxd4 5. Nf3 e6 6. cxd4 b6 7. Bd3 Bb4+ 8. Bd2 Bxd2+ 9. Qxd2 Ba6 10. Be4 Nc6 11. Bxd5 exd5 12. Nc3 Rc8 13. Nxd5 d6 14. Nb4 Nxb4 15. Qxb4 0-0 16. Qa3 Bb5 17. Qxd6 Rc2 18. Qxd8 Rxd8 19. a4 Ba6 20. a5 Bb5 21. axb6 axb6 22. b3 Re2+ 23. Kd1 Rxf2 24. Re1 Rxg2 25. Rc1 h6 26. Re3 Bd7 27. Rc2 Bh3 28. Kc1 Rg4 29. Rc6 Rf4 30. Rxb6 Bg4 31. Nd2 Rdxd4 32. Rd6 Rb4 33. Kc2 Be6 34. Kc3 Rb5 35. Nc4 Rh4 36. Rd2 g5 37. Ree2 Rxb3+ 38. Kxb3 Bxc4+ 39. Kc3 Bxe2 40. Rxe2 Kf8 41. e6 fxe6 42. Rxe6 Rxh2 43. Kd3 Kg7 44. Ke3 Rh4 45. Kf3 Rf4+ 46. Kg3 Rf6 47. Re5 Kg6 48. Ra5 Rb6 49. Ra3 h5 50. Rc3 h4+ 51. Kh3 Kh5 52. Rc5 Rb3+ 53. Kh2 Re3 54. Rc4 Re2+ 55. Kg1 h3 56. Ra4 g4 57. Ra3 Kg5 58. Rb3 Kf4 59. Ra3 g3 60. Ra4+ Kf3 61. Ra3+ Re3 62. Ra1 h2+ 63. Kh1 Kg4 0-1

[Event "Bratto op 22nd"]
[Site "Bratto"]
[Date "2002.08.25"]
[Round "6"]
[White "Cacco, Christian"]
[Black "Belotti, Bruno"]
[Result "1/2-1/2"]
[WhiteElo "2248"]
[BlackElo "2430"]
[PlyCount "74"]
[EventDate "2002.08.20"]
[EventType "swiss"]
[EventRounds "9"]
[EventCountry "ITA"]
[SourceTitle "EXT 2003"]
[Source "ChessBase"]
[SourceDate "2002.11.25"]
[SourceVersion "1"]
[SourceVersionDate "2002.11.25"]
[SourceQuality "1"]

1. d4 Nf6 2. Nf3 g6 3. g3 Bg7 4. Bg2 0-0 5. 0-0 d6 6. Nbd2 c5 7. c3 Nc6 8. e4 cxd4 9. Nxd4 Bg4 10. Nxc6 bxc6 11. Qa4 Be2 12. Re1 Bb5 13. Qd1 Nd7 14. c4 Ba6 15. Rb1 Ne5 16. Qc2 c5 17. b3 Qa5 18. Bb2 Bb7 19. f4 Nc6 20. Bxg7 Kxg7 21. e5 Nd4 22. Qb2 Qc7 23. exd6 exd6 24. Re3 Rfe8 25. Rbe1 Kf8 26. Qb1 Bxg2 27. Kxg2 Qc6+ 28. Kf2 f5 29. Nf3 Nxf3 30. Rxf3 Rxe1 31. Qxe1 Re8 32. Re3 Rxe3 33. Kxe3 Qg2 34. Qd2 Qg1+ 35. Kf3 Qf1+ 36. Qf2 Qd3+ 37. Qe3 Qf1+ 1/2-1/2

[Event "Bratto op 22nd"]
[Site "Bratto"]
[Date "2002.08.22"]
[Round "3"]
[White "Belotti, Bruno"]
[Black "Khenkin, Igor"]
[Result "0-1"]
[WhiteElo "2430"]
[BlackElo "2598"]
[PlyCount "80"]
[EventDate "2002.08.20"]
[EventType "swiss"]
[EventRounds "9"]
[EventCountry "ITA"]
[SourceTitle "EXT 2003"]
[Source "ChessBase"]
[SourceDate "2002.11.25"]
[SourceVersion "1"]
[SourceVersionDate "2002.11.25"]
[SourceQuality "1"]

1. e4 c6 2. d4 d5 3. e5 Bf5 4. c3 e6 5. Be3 Nd7 6. Nd2 f6 7. f4 g5 8. Ngf3 gxf4 9. Bxf4 Bh6 10. Bg3 Qb6 11. Qb3 Ne7 12. Be2 0-0 13. h3 Bg6 14. Bh2 Nf5 15. Nf1 fxe5 16. Qxb6 axb6 17. Bxe5 c5 18. Bb5 Nxe5 19. dxe5 Rf7 20. Kf2 Raf8 21. Bd3 Nh4 22. Bxg6 Nxg6 23. Re1 Bf4 24. N1h2 Nxe5 25. Nxe5 Bxe5+ 26. Nf3 Rf5 27. Re2 d4 28. Rhe1 Bf6 29. cxd4 Bh4+ 30. Kg1 Bxe1 31. Rxe1 cxd4 32. Nxd4 Rd5 33. Re4 e5 34. Nf3 Rf4 35. Re3 e4 36. Ne1 Rd2 37. g3 Rff2 38. Rxe4 Rfe2 39. Rg4+ Kh8 40. Kh1 Re3 0-1

[Event "Bratto op 22nd"]
[Site "Bratto"]
[Date "2002.08.20"]
[Round "1"]
[White "Belotti, Bruno"]
[Black "Barlocco, Carlo"]
[Result "1-0"]
[WhiteElo "2430"]
[BlackElo "2136"]
[PlyCount "53"]
[EventDate "2002.08.20"]
[EventType "swiss"]
[EventRounds "9"]
[EventCountry "ITA"]
[SourceTitle "EXT 2003"]
[Source "ChessBase"]
[SourceDate "2002.11.25"]
[SourceVersion "1"]
[SourceVersionDate "2002.11.25"]
[SourceQuality "1"]

1. e4 Nc6 2. d4 d5 3. Nc3 dxe4 4. d5 Ne5 5. Bf4 Ng6 6. Bg3 f5 7. Nh3 e5 8. dxe6 Bxe6 9. Nb5 Bd6 10. Bxd6 cxd6 11. Qxd6 Qxd6 12. Nxd6+ Ke7 13. Nxb7 Nf6 14. Nc5 Bd5 15. Nb3 a5 16. Nd4 f4 17. Bb5 Rhc8 18. a4 Kd6 19. 0-0-0 Ke5 20. Rhe1 Ra7 21. f3 Bc4 22. Nc6+ Rxc6 23. Bxc6 e3 24. g3 Rc7 25. gxf4+ Nxf4 26. Rxe3+ Kf5 27. Be4+ 1-0

[Event "Bergamo op 1st"]
[Site "Bergamo"]
[Date "2002.07.27"]
[Round "3"]
[White "Belotti, Bruno"]
[Black "Piantoni, Roberto"]
[Result "1-0"]
[WhiteElo "2430"]
[BlackElo "2171"]
[PlyCount "51"]
[EventDate "2002.07.26"]
[EventType "swiss"]
[EventRounds "6"]
[EventCountry "ITA"]
[SourceTitle "CBM 089 Extra"]
[Source "ChessBase"]
[SourceDate "2002.09.10"]
[SourceVersion "2"]
[SourceVersionDate "2002.09.10"]
[SourceQuality "1"]

1. e4 Nf6 2. e5 Nd5 3. d4 d6 4. Nf3 g6 5. Bc4 Nb6 6. Bb3 Bg7 7. a4 a5 8. Ng5 e6 9. f4 dxe5 10. fxe5 c5 11. c3 cxd4 12. 0-0 0-0 13. cxd4 Nc6 14. Nf3 f6 15. Nc3 fxe5 16. Bg5 Qd7 17. dxe5 Nxe5 18. Nxe5 Rxf1+ 19. Qxf1 Qd4+ 20. Kh1 Qxe5 21. Bd8 Qc5 22. Ne4 Qb4 23. Ng5 Bd7 24. Qf7+ Kh8 25. Bxe6 Bxe6 26. Nxe6 1-0